Konkurencia elemzés a Hanka Média Kft-nél

Bibliographic Details
Main Author: Perlei Levente
Other Authors: Hamburger Béla
Format: Project work
Kulcsszavak:Versenyelemzés
Versenytárs elemzés
Konkurencia
Stratégia
Piaci helyzetelemzés
Online Access:http://dolgozattar.uni-bge.hu/4227

MARC

LEADER 00000nnm a2200000 i 4500
001 dolg4227
005 20160205101556.0
008 151207suuuu hu o 000 hun d
040 |a BGE Dolgozattár Repozitórium  |b hun 
041 |a hu 
100 1 |a Perlei Levente 
245 1 0 |a Konkurencia elemzés a Hanka Média Kft-nél  |c Perlei Levente  |h [elektronikus dokumentum] 
246 1 1 |a Konkurencia elemzés a Hanka Média Kft-nél 
516 |a Project_work 
695 |a Versenyelemzés 
695 |a Versenytárs elemzés 
695 |a Konkurencia 
695 |a Stratégia 
695 |a Piaci helyzetelemzés 
700 1 |a Hamburger Béla  |e ths 
856 4 0 |u http://dolgozattar.uni-bge.hu/4227/1/Konkurencia%20elemz%C3%A9s%20a%20Hanka%20M%C3%A9dia%20Kft-n%C3%A9l%20Perlei%20Levente%20BGF.pdf  |z Dokumentum-elérés